| 000 | 01483nam a2200385 i 4500 | ||
|---|---|---|---|
| 001 | ELB227468 | ||
| 003 | FINmELB | ||
| 005 | 20250326043203.0 | ||
| 006 | m o u | ||
| 007 | cr cn||||||||| | ||
| 008 | 220328s2022 sp o 000 0 spa d | ||
| 020 |
_a9788419024138 _q(e-book) |
||
| 035 | _a(OCoLC)1377206084 | ||
| 040 |
_aFINmELB _bspa _erda _cFINmELB |
||
| 050 | 1 | 4 |
_aTR850 _bM183 2022 |
| 080 | _a778.5(460) | ||
| 082 | 0 | 4 |
_a778.530946 _223 |
| 100 | 1 |
_aMadrid Brito, Débora, _eautor. |
|
| 245 | 1 | 0 |
_aCreaciones in(humanas) : _balteraciones y suplantaciones del ser humano en el cine español / _cDébora Madrid. |
| 264 | 1 |
_aSantander : _bEditorial de la Universidad de Cantabria, _c2022. |
|
| 300 | _a1 recurso en línea (206 páginas) | ||
| 336 |
_atexto _btxt _2rdamedia/spa |
||
| 337 |
_acomputadora _bc _2rdamedia/spa |
||
| 338 |
_arecurso en línea _2rdacarrier/spa |
||
| 490 | 1 |
_aEnclaves Culturales ; _v7 |
|
| 588 | _aDescripción basada en metadatos suministrados por el editor y otras fuentes. | ||
| 590 | _aRecurso electrónico. Santa Fe, Arg.: elibro, 2021. Disponible vía World Wide Web. El acceso puede estar limitado para las bibliotecas afiliadas a elibro. | ||
| 650 | 4 |
_aCinematografía _zEspaña. |
|
| 650 | 4 |
_aCine fantástico _zEspaña. |
|
| 650 | 4 | _aCine y literatura. | |
| 655 | 4 | _aLibros electrónicos. | |
| 797 | 2 | _aelibro, Corp. | |
| 830 | 0 |
_aEnclaves Culturales ; _v7. |
|
| 856 | 4 | 0 | _uhttps://elibro.net/ereader/usam/227468 |
| 999 |
_c142169 _d142169 |
||